Normal view
MARC view
- Ulric J. Gelinas & Allan E. Oram and William P. Wiggins
Entry Personal Name
001 - CONTROL NUMBER
- control field: 4443
003 - CONTROL NUMBER IDENTIFIER
- control field: OSt
005 - DATE AND TIME OF LATEST TRANSACTION
- control field: 20211205111952.0
008 - FIXED-LENGTH DATA ELEMENTS
- fixed length control field: 211205|| aca||aabn | a|a d
040 ## - CATALOGING SOURCE
- Original cataloging agency: OSt
- Transcribing agency: OSt
100 ## - HEADING--PERSONAL NAME
- Personal name: Ulric J. Gelinas & Allan E. Oram and William P. Wiggins
670 ## - SOURCE DATA FOUND
- Source citation: Work cat.: (OSt)1129: Gelinas, Ulric J. 4442, Accounting information systems : , c1993
